000 00669nam a2200205 a 4500
005 20230110063530.0
008 080404s2006 mx r 000 0 spa d
020 _a9681865944
035 _aUPN01000155239
049 _aI
050 4 _aQ164
_bW5.7
100 1 _aWiese, Jim
245 1 3 _aEl supercientífico loco :
_brealiza desconcertantes intrigantes y fascinantes experimentos de ciencias /
_cJim Wiese.
260 _aMéxico :
_bLimusa.Wiley,
_c2006.
300 _a135 p. :
_bil.
650 4 _aCIENCIA -
_xEXPERIMENTOS -
_vLITERATURA JUVENIL
_96316
650 2 _aCiencia
_vLiteratura juvenil
_96801
650 4 _aEXPERIMENTOS EDUCATIVOS
_95899
905 _aInfantil
999 _c127355
_d127355